[Event "29. Torneo San Viator 2017 - Torneo B"]
[Site "Madrid ESP"]
[Date "2017.10.22"]
[Round "5.21"]
[White "Fernandez Rodriguez, Alberto"]
[Black "Periotto Miori, Caterina"]
[Result "0-1"]
[WhiteElo "1520"]
[BlackElo "1250"]
[PlyCount "66"]
[EventDate "2017.09.17"]
[EventType "swiss"]
[EventRounds "9"]
[EventCountry "ESP"]
[SourceTitle "Ajedrez en Madrid"]
[Source "lmi"]
[SourceDate "2017.09.17"]

1. d4 d5 2. e3 e6 3. Nf3 Nf6 4. Bd3 Be7 5. O-O O-O 6. Nbd2 Nbd7 7. b3 b6 8. Bb2
Bb7 9. c4 c5 10. Ne5 Rc8 11. f4 dxc4 12. Ndxc4 Nd5 13. Nxd7 Qxd7 14. Ne5 Qd8
15. Qe2 Nb4 16. Bc4 Nc6 17. Rad1 Nxe5 18. dxc5 Nd7 19. cxb6 axb6 20. f5 exf5
21. Rxf5 Qc7 22. Rdf1 Bf6 23. Rc1 Qd6 24. Rd1 Qe7 25. Rxd7 Qxd7 26. Rxf6 gxf6
27. Bxf6 Qf5 28. Bb2 Qb1+ 29. Kf2 Qe4 30. Kg1 Rfe8 31. Bd4 b5 32. Bxf7+ Kxf7
33. Qh5+ Qg6 0-1

[Event "29. Torneo San Viator 2017 - Torneo B"]
[Site "Madrid ESP"]
[Date "2017.10.22"]
[Round "5.22"]
[White "Franco Rincon, David"]
[Black "Del Alamo Fajardo, Fernando"]
[Result "0-1"]
[WhiteElo "1686"]
[BlackElo "1383"]
[PlyCount "66"]
[EventDate "2017.09.17"]
[EventType "swiss"]
[EventRounds "9"]
[EventCountry "ESP"]
[SourceTitle "Ajedrez en Madrid"]
[Source "lmi"]
[SourceDate "2017.09.17"]

1. e4 e5 2. Nf3 Nc6 3. Bc4 Bc5 4. c3 Nf6 5. d3 d6 6. h3 h6 7. O-O O-O 8. a4 a5
9. Re1 Re8 10. Nbd2 Be6 11. Bb5 Bd7 12. Bc4 Be6 13. Bb3 d5 14. Bc2 Qd7 15. Qe2
d4 16. Nf1 Rad8 17. Ng3 Kh7 18. Nh4 g6 19. f4 exf4 20. e5 fxg3 21. exf6 Bxh3
22. Qf1 dxc3+ 23. Kh1 Bxg2+ 24. Kxg2 Rxe1 25. Qxe1 Bf2 26. Qxc3 Qd5+ 27. Nf3
Nd4 28. Bd1 g5 29. Qd2 Re8 30. Qc3 g4 31. Qc4 gxf3+ 32. Bxf3 Qxf3+ 33. Kh3 g2+
0-1

[Event "29. Torneo San Viator 2017 - Torneo B"]
[Site "Madrid ESP"]
[Date "2017.10.22"]
[Round "5.23"]
[White "Jimenez Perez, Federico"]
[Black "Cujba, Anca-Claudia"]
[Result "0-1"]
[WhiteElo "1381"]
[BlackElo "1664"]
[PlyCount "86"]
[EventDate "2017.09.17"]
[EventType "swiss"]
[EventRounds "9"]
[EventCountry "ESP"]
[SourceTitle "Ajedrez en Madrid"]
[Source "lmi"]
[SourceDate "2017.09.17"]

1. e4 d5 2. e5 c5 3. d4 cxd4 4. Qxd4 Nc6 5. Bb5 Bf5 6. Bxc6+ bxc6 7. Qa4 Qc7 8.
Nf3 e6 9. O-O Bc5 10. Be3 Bxe3 11. fxe3 Ne7 12. Nd4 O-O 13. Nf3 Qb6 14. Qb3 Qc7
15. Nbd2 c5 16. c4 Rab8 17. Qc3 h6 18. Rae1 Rfd8 19. b3 a5 20. e4 d4 21. Qd3
Bh7 22. Rf2 Nc6 23. Ref1 Rb7 24. a3 Nxe5 25. Nxe5 Qxe5 26. Re2 Qd6 27. Qh3 Qc6
28. Qh4 Rdb8 29. Rf3 a4 30. Rg3 Kh8 31. e5 axb3 32. Rf2 b2 33. Qg4 b1=Q+ 34.
Nxb1 Rxb1+ 35. Rf1 Rxf1+ 36. Kxf1 Bg6 37. Rf3 d3 38. Qf4 Qd7 39. Qd2 Qd4 40.
Re3 Qf4+ 41. Qf2 Qxh2 42. Qd2 Rb1+ 43. Kf2 Qf4+ 0-1

[Event "29. Torneo San Viator 2017 - Torneo B"]
[Site "Madrid ESP"]
[Date "2017.10.22"]
[Round "5.24"]
[White "Benitez Cadenas, Luis Miguel"]
[Black "Soria Martinez, Daniel"]
[Result "1/2-1/2"]
[WhiteElo "1584"]
[BlackElo "1283"]
[PlyCount "127"]
[EventDate "2017.09.17"]
[EventType "swiss"]
[EventRounds "9"]
[EventCountry "ESP"]
[SourceTitle "Ajedrez en Madrid"]
[Source "lmi"]
[SourceDate "2017.09.17"]

1. d4 Nf6 2. c4 e6 3. Nf3 b6 4. g3 Bb7 5. Bg2 Be7 6. O-O O-O 7. Nc3 d5 8. Bf4
c6 9. Rc1 Nbd7 10. Qa4 Re8 11. b4 dxc4 12. b5 c5 13. Rfd1 Qc8 14. Qxc4 Nd5 15.
Nxd5 Bxd5 16. Qa4 a6 17. dxc5 Bxc5 18. e4 axb5 19. Qxb5 Bc6 20. Qe2 Qa6 21. Qe1
Qxa2 22. Bd6 Qb2 23. Rb1 Qc2 24. Bxc5 bxc5 25. Rd6 Rec8 26. Rbd1 Nf6 27. e5 Ne4
28. Rxc6 Rxc6 29. Nd4 cxd4 30. Bxe4 Qc5 31. Bxc6 Qxc6 32. Rxd4 g6 33. Qd1 Kg7
34. Qe1 Ra2 35. Qe4 Ra1+ 36. Kg2 Qc1 37. Kh3 Qf1+ 38. Qg2 Qxg2+ 39. Kxg2 Re1
40. f4 Re2+ 41. Kg1 Re1+ 42. Kg2 Rb1 43. h4 h5 44. Re4 Rb2+ 45. Kf3 f6 46.
exf6+ Kxf6 47. Re5 Rb3+ 48. Kg2 Rb2+ 49. Kh3 Rd2 50. Rg5 Rd5 51. Kg2 Rxg5 52.
hxg5+ Kf5 53. Kf3 e5 54. fxe5 Kxe5 55. g4 h4 56. Ke3 h3 57. Kf3 h2 58. Kg2
h1=Q+ 59. Kxh1 Kf4 60. Kg2 Kxg4 61. Kh2 Kh4 62. Kg2 Kh5 63. Kh3 Kxg5 64. Kg3
1/2-1/2

[Event "29. Torneo San Viator 2017 - Torneo B"]
[Site "Madrid ESP"]
[Date "2017.10.22"]
[Round "5.25"]
[White "Medina Lucena, Emilio"]
[Black "Comeron Galan, Daniel"]
[Result "0-1"]
[WhiteElo "1321"]
[BlackElo "1576"]
[PlyCount "38"]
[EventDate "2017.09.17"]
[EventType "swiss"]
[EventRounds "9"]
[EventCountry "ESP"]
[SourceTitle "Ajedrez en Madrid"]
[Source "lmi"]
[SourceDate "2017.09.17"]

1. e4 d6 2. d4 Nf6 3. Nc3 Nbd7 4. Be3 e5 5. f4 exd4 6. Bxd4 Be7 7. Be2 c6 8.
Qd2 a5 9. Bf3 Nb6 10. b3 Be6 11. Nge2 Qc7 12. Ng3 Rd8 13. O-O O-O 14. Qf2 c5
15. Nb5 Qd7 16. Bc3 Qxb5 17. e5 dxe5 18. Bxe5 c4 19. Bxb7 Bc5 0-1

[Event "29. Torneo San Viator 2017 - Torneo B"]
[Site "Madrid ESP"]
[Date "2017.10.22"]
[Round "5.26"]
[White "Barragan Sanchez, Enrique"]
[Black "Caparros Armand, M Isabel"]
[Result "1-0"]
[WhiteElo "1536"]
[BlackElo "1293"]
[PlyCount "81"]
[EventDate "2017.09.17"]
[EventType "swiss"]
[EventRounds "9"]
[EventCountry "ESP"]
[SourceTitle "Ajedrez en Madrid"]
[Source "lmi"]
[SourceDate "2017.09.17"]

1. d4 d5 2. Nf3 Nf6 3. c4 e6 4. Bg5 Be7 5. Nc3 Nbd7 6. e3 h6 7. Bxf6 Nxf6 8.
cxd5 exd5 9. Bd3 O-O 10. O-O Re8 11. Qe2 Bf8 12. h3 b6 13. Ne5 c5 14. Bb5 Re6
15. Bc6 Rb8 16. Qf3 Bb7 17. Ba4 Qc7 18. Nb5 Qd8 19. Nxa7 Ra8 20. Nac6 Qc7 21.
Bb5 Bxc6 22. Bxc6 Rxc6 23. Nxc6 Qxc6 24. Rac1 Qb5 25. dxc5 bxc5 26. b3 Qb4 27.
Qe2 Bd6 28. Qc2 Be5 29. Rb1 Nd7 30. a4 Rb8 31. Qa2 Bc7 32. Rbd1 Nf6 33. Qc2 Qa5
34. Qa2 Rb4 35. Rc1 Qb6 36. a5 Qa7 37. a6 Rb6 38. Rxc5 Rxa6 39. Qc2 Ra2 40.
Rxc7 Qb6 41. Rc8+ 1-0

[Event "29. Torneo San Viator 2017 - Torneo B"]
[Site "Madrid ESP"]
[Date "2017.10.22"]
[Round "5.27"]
[White "Mora Gonzalez-Rojas, Francisco"]
[Black "Prieto Gonzalez, Cesar"]
[Result "0-1"]
[WhiteElo "1274"]
[BlackElo "1535"]
[PlyCount "128"]
[EventDate "2017.09.17"]
[EventType "swiss"]
[EventRounds "9"]
[EventCountry "ESP"]
[SourceTitle "Ajedrez en Madrid"]
[Source "lmi"]
[SourceDate "2017.09.17"]

1. e4 d6 2. Bc4 Nf6 3. d3 e5 4. Bg5 Be7 5. Nf3 Nbd7 6. O-O c6 7. a3 Qc7 8. Nc3
h6 9. Bh4 Nf8 10. h3 Bd7 11. Qe2 g5 12. Bg3 Ng6 13. Qe3 g4 14. hxg4 Nxg4 15.
Qd2 Rh7 16. Nh2 O-O-O 17. Nxg4 Bxg4 18. f3 Bg5 19. Qf2 Be6 20. Bxe6+ fxe6 21.
Qxa7 b6 22. Qxc7+ Kxc7 23. b4 h5 24. Bh2 Be3+ 25. Kh1 Bd4 26. Ne2 Bxa1 27. Rxa1
h4 28. a4 Ra8 29. a5 bxa5 30. bxa5 Ra6 31. Bg1 c5 32. Be3 Kc6 33. Bd2 Nh8 34.
Rb1 Rb7 35. Rxb7 Kxb7 36. f4 exf4 37. Nxf4 e5 38. Nd5 Ng6 39. Kh2 Ra8 40. g3
Rf8 41. Be1 Rf1 42. Bc3 Rf2+ 43. Kh3 hxg3 44. Kxg3 Rxc2 45. Kg4 Rf2 46. Be1 Rf1
47. Bd2 Kc6 48. Bc3 Nf4 49. a6 Nxd5 50. exd5+ Kb6 51. Ba5+ Kxa5 52. a7 Rf8 53.
a8=Q+ Rxa8 54. Kf5 Kb6 55. Ke6 Kc7 56. Ke7 Ra3 57. Ke6 Rxd3 58. Ke7 Rxd5 59.
Ke6 Kc6 60. Ke7 e4 61. Ke6 e3 62. Ke7 e2 63. Kd8 e1=Q 64. Kc8 Qe8# 0-1

[Event "29. Torneo San Viator 2017 - Torneo B"]
[Site "Madrid ESP"]
[Date "2017.10.22"]
[Round "5.28"]
[White "Garcia Prada, Alejandro"]
[Black "Campos Calderon, David"]
[Result "1/2-1/2"]
[WhiteElo "1505"]
[BlackElo "1242"]
[PlyCount "63"]
[EventDate "2017.09.17"]
[EventType "swiss"]
[EventRounds "9"]
[EventCountry "ESP"]
[SourceTitle "Ajedrez en Madrid"]
[Source "lmi"]
[SourceDate "2017.09.17"]

1. e4 c5 2. Nf3 d6 3. d4 cxd4 4. Nxd4 Nf6 5. Nc3 a6 6. Bc4 e6 7. f3 Be7 8. O-O
O-O 9. Be3 b5 10. Bb3 Re8 11. a3 Nbd7 12. Bxe6 Bb7 13. Bxd7 Qxd7 14. Nf5 Rad8
15. Nxe7+ Qxe7 16. Bd4 Rd7 17. b4 Rc8 18. Ra2 Qe6 19. Bxf6 Rxc3 20. Bxc3 Qxa2
21. Qa1 Qxa1 22. Bxa1 Rc7 23. Rf2 f6 24. Rd2 Rd7 25. e5 fxe5 26. Bxe5 d5 27. c3
Re7 28. Re2 Kf7 29. f4 Kg6 30. h3 h5 31. Kf2 Kf5 32. Kg3 1/2-1/2

[Event "29. Torneo San Viator 2017 - Torneo B"]
[Site "Madrid ESP"]
[Date "2017.10.22"]
[Round "5.29"]
[White "Climent Castillo, Daniel"]
[Black "Periotto Miori, Lautaro"]
[Result "0-1"]
[WhiteElo "1237"]
[BlackElo "1492"]
[PlyCount "128"]
[EventDate "2017.09.17"]
[EventType "swiss"]
[EventRounds "9"]
[EventCountry "ESP"]
[SourceTitle "Ajedrez en Madrid"]
[Source "lmi"]
[SourceDate "2017.09.17"]

1. d4 d5 2. Nf3 c6 3. g3 Nf6 4. Bg2 e6 5. O-O Nbd7 6. Nbd2 Be7 7. c4 dxc4 8.
Nxc4 b5 9. Nce5 Bb7 10. Qc2 Rc8 11. Nd3 c5 12. dxc5 Nxc5 13. Nxc5 Bxc5 14. Qd2
Qb6 15. b4 Be7 16. a3 Ne4 17. Qd4 Bf6 18. Qxb6 axb6 19. Rb1 Nc3 20. Rb2 Ne4 21.
Rb1 Rc2 22. e3 Nc3 23. Ne1 Ne2+ 24. Kh1 Bxg2+ 25. Kxg2 Rxc1 26. Rxc1 Nxc1 27.
Nc2 Nd3 28. Rd1 Nb2 29. Rd6 Nc4 30. Rc6 O-O 31. a4 Rb8 32. axb5 Ne5 33. Rd6 Be7
34. Rd4 g6 35. f4 Rc8 36. Na3 Ng4 37. h3 Nxe3+ 38. Kf3 Nd5 39. Nc4 Bxb4 40.
Nxb6 Nxb6 41. Rxb4 f5 42. Rd4 Nd5 43. Rd3 Rb8 44. Rb3 Rb7 45. g4 Nc7 46. b6 Nd5
47. g5 Rxb6 48. Rxb6 Nxb6 49. Ke3 Nd5+ 50. Kf3 Kf7 51. Kg3 Ke7 52. Kf3 Kd6 53.
Kg3 Nxf4 54. Kxf4 e5+ 55. Ke3 Kd5 56. h4 e4 57. Kf4 Kd4 58. h5 e3 59. h6 e2 60.
Kg3 e1=Q+ 61. Kf3 Qe4+ 62. Kg3 Ke3 63. Kh3 Kf2 64. Kh2 Qg2# 0-1

[Event "29. Torneo San Viator 2017 - Torneo B"]
[Site "Madrid ESP"]
[Date "2017.10.22"]
[Round "5.30"]
[White "Tudoroiu, Adrian Eugen"]
[Black "Gallego Romero, Manuel"]
[Result "0-1"]
[WhiteElo "1101"]
[BlackElo "1475"]
[PlyCount "90"]
[EventDate "2017.09.17"]
[EventType "swiss"]
[EventRounds "9"]
[EventCountry "ESP"]
[SourceTitle "Ajedrez en Madrid"]
[Source "lmi"]
[SourceDate "2017.09.17"]

1. d4 d5 2. Bf4 c6 3. e3 Nf6 4. Nf3 e6 5. Bd3 Nh5 6. Bg3 Nxg3 7. hxg3 Nd7 8.
Rxh7 Rxh7 9. Bxh7 g6 10. Ne5 Nxe5 11. dxe5 Qg5 12. f4 Qxg3+ 13. Kf1 Qh2 14. Nd2
Qxh7 15. Nf3 Be7 16. g3 Bd7 17. c3 Bc5 18. Kf2 O-O-O 19. Qa4 Qh5 20. b4 Bb6 21.
Qc2 Qf5 22. Qxf5 exf5 23. Rh1 Rf8 24. a4 Bd8 25. Nd4 g5 26. Rh6 gxf4 27. exf4
Bb6 28. Ke3 Rg8 29. Kf3 Bxd4 30. cxd4 Be6 31. a5 Kc7 32. Rh2 Rb8 33. Rc2 a6 34.
Rc3 b6 35. Ke3 bxa5 36. bxa5 Rb5 37. Ra3 c5 38. Kd3 c4+ 39. Kc3 Kc6 40. Kc2 Rb3
41. Rxb3 cxb3+ 42. Kxb3 Kb5 43. Ka3 Kxa5 44. Kb3 Kb5 45. Ka3 Kc4 0-1

[Event "29. Torneo San Viator 2017 - Torneo B"]
[Site "Madrid ESP"]
[Date "2017.10.22"]
[Round "5.31"]
[White "Garcia Rojas, Juan Carlos"]
[Black "Otero Gumiel, Monica"]
[Result "1-0"]
[WhiteElo "1470"]
[BlackElo "1041"]
[PlyCount "117"]
[EventDate "2017.09.17"]
[EventType "swiss"]
[EventRounds "9"]
[EventCountry "ESP"]
[SourceTitle "Ajedrez en Madrid"]
[Source "lmi"]
[SourceDate "2017.09.17"]

1. e4 e5 2. Nf3 Nc6 3. Bb5 d6 4. c3 Bd7 5. O-O Nf6 6. Re1 Be7 7. d4 O-O 8. d5
Na5 9. Bd3 c6 10. b4 cxd5 11. bxa5 Qxa5 12. exd5 Nxd5 13. Bd2 Ba4 14. Qe2 Qc7
15. Bxh7+ Kxh7 16. Qe4+ g6 17. Qxa4 Nb6 18. Qb3 Rad8 19. Be3 d5 20. Bxb6 axb6
21. Nxe5 Bg5 22. Nf3 Bf6 23. Nd4 Bxd4 24. cxd4 Rfe8 25. Nd2 Rxe1+ 26. Rxe1 Qf4
27. Nf3 Rc8 28. g3 Qf6 29. Qe3 Rc6 30. Ng5+ Kg7 31. h4 Rc2 32. Qe5 Qxe5 33.
Rxe5 Rxa2 34. Re7 b5 35. Rxf7+ Kg8 36. Rxb7 Rb2 37. Ne6 b4 38. Nc5 Kf8 39. Kg2
b3 40. Rxb3 Rxb3 41. Nxb3 Ke7 42. Kf3 Kf6 43. Kf4 Kg7 44. g4 Kh6 45. f3 Kg7 46.
g5 Kf7 47. Ke5 Ke7 48. Kxd5 Kd7 49. Nc5+ Ke7 50. Ke5 Kf7 51. d5 Ke7 52. d6+ Kd8
53. Ke6 Ke8 54. Nb7 Kf8 55. d7 Kg7 56. d8=Q Kh7 57. Qe7+ Kg8 58. Kf6 Kh8 59.
Qg7# 1-0

[Event "29. Torneo San Viator 2017 - Torneo B"]
[Site "Madrid ESP"]
[Date "2017.10.22"]
[Round "5.32"]
[White "Ramirez Nebot, Eneas"]
[Black "Torrecillas Adan, Luis"]
[Result "1-0"]
[WhiteElo "1097"]
[BlackElo "1466"]
[PlyCount "79"]
[EventDate "2017.09.17"]
[EventType "swiss"]
[EventRounds "9"]
[EventCountry "ESP"]
[SourceTitle "Ajedrez en Madrid"]
[Source "lmi"]
[SourceDate "2017.09.17"]

1. e4 e5 2. Nf3 Nc6 3. Bb5 Nge7 4. c3 a6 5. Ba4 b5 6. Bb3 h6 7. O-O Bb7 8. Re1
Ng6 9. d4 d6 10. Nbd2 Be7 11. Nf1 O-O 12. Ng3 Bc8 13. Nf5 Bxf5 14. exf5 Nh4 15.
Nxh4 Bxh4 16. g3 Bf6 17. Qh5 d5 18. Qg4 Kh7 19. Be3 Re8 20. Rad1 e4 21. h4 Ne7
22. Qh3 Qd7 23. g4 Ng8 24. g5 Bd8 25. g6+ Kh8 26. gxf7 Qxf7 27. Kh1 Ne7 28. Bf4
Nxf5 29. h5 c6 30. f3 exf3 31. Rxe8+ Qxe8 32. Qxf5 f2 33. Be5 Bh4 34. Bc2 Qg8
35. Kg2 Rf8 36. Qg6 f1=Q+ 37. Rxf1 Rxf1 38. Kxf1 Qf8+ 39. Bf5 Qg8 40. Qxh6+ 1-0

[Event "29. Torneo San Viator 2017 - Torneo B"]
[Site "Madrid ESP"]
[Date "2017.10.22"]
[Round "5.34"]
[White "Lopez Ochoa, Arsenio"]
[Black "Del Noval Nemeshazi, Mario"]
[Result "0-1"]
[WhiteElo "1035"]
[BlackElo "1416"]
[PlyCount "58"]
[EventDate "2017.09.17"]
[EventType "swiss"]
[EventRounds "9"]
[EventCountry "ESP"]
[SourceTitle "Ajedrez en Madrid"]
[Source "lmi"]
[SourceDate "2017.09.17"]

1. e4 e5 2. Nf3 Nc6 3. Bb5 Bc5 4. O-O Nge7 5. Nc3 Bb6 6. d3 h6 7. Be3 Bxe3 8.
fxe3 O-O 9. d4 exd4 10. exd4 d5 11. e5 Bg4 12. h3 Bh5 13. Qd2 f6 14. g4 Be8 15.
Rf2 fxe5 16. Nxe5 Rxf2 17. Qxf2 Nxe5 18. dxe5 c6 19. Bd3 Bg6 20. Rf1 Qe8 21. h4
Qd7 22. Bf5 Nxf5 23. gxf5 Rf8 24. e6 Qe7 25. Qxa7 Qxh4 26. Qxb7 Bxf5 27. Qxc6
Qg3+ 28. Kh1 Be4+ 29. Nxe4 Rxf1# 0-1

[Event "29. Torneo San Viator 2017 - Torneo B"]
[Site "Madrid ESP"]
[Date "2017.10.22"]
[Round "5.35"]
[White "Garcia Lozano, Javier"]
[Black "Manso Santamaria, Juan Carlos"]
[Result "0-1"]
[WhiteElo "1301"]
[BlackElo "1703"]
[PlyCount "52"]
[EventDate "2017.09.17"]
[EventType "swiss"]
[EventRounds "9"]
[EventCountry "ESP"]
[SourceTitle "Ajedrez en Madrid"]
[Source "lmi"]
[SourceDate "2017.09.17"]

1. e4 e6 2. d4 d5 3. e5 c5 4. c3 Bd7 5. Nf3 a6 6. Bd3 cxd4 7. cxd4 Bb5 8. O-O
Bxd3 9. Qxd3 Nc6 10. a3 Nge7 11. Nc3 Nf5 12. Be3 Be7 13. Rac1 O-O 14. Qd2 Na5
15. Qc2 Nc4 16. Rfe1 Rc8 17. Qb1 Qa5 18. g4 Nh4 19. Nxh4 Bxh4 20. Kg2 f5 21.
gxf5 Rxf5 22. b4 Qxa3 23. Nxd5 Nxe3+ 24. Rxe3 Qxc1 25. Qxc1 Rxc1 26. Ne7+ Bxe7
0-1

[Event "29. Torneo San Viator 2017 - Torneo B"]
[Site "Madrid ESP"]
[Date "2017.10.22"]
[Round "5.36"]
[White "Arce Escobedo, Julio"]
[Black "Lopez Herrero, Israel"]
[Result "1-0"]
[WhiteElo "1671"]
[BlackElo "1286"]
[PlyCount "57"]
[EventDate "2017.09.17"]
[EventType "swiss"]
[EventRounds "9"]
[EventCountry "ESP"]
[SourceTitle "Ajedrez en Madrid"]
[Source "lmi"]
[SourceDate "2017.09.17"]

1. e4 e5 2. Nf3 Nc6 3. Bc4 Bc5 4. b4 Bxb4 5. c3 Ba5 6. d4 d6 7. Qb3 Qd7 8. dxe5
dxe5 9. O-O Nf6 10. Rd1 Qe7 11. Ba3 Bb4 12. Bxb4 Nxb4 13. cxb4 Bg4 14. Nbd2 O-O
15. h3 Bh5 16. a3 Rfd8 17. Qe3 Rd7 18. Nf1 Rad8 19. Rxd7 Rxd7 20. Ng3 Bg6 21.
Nf5 Qd8 22. Re1 Bh5 23. Nxe5 Re7 24. Nxe7+ Qxe7 25. Nf3 Qd7 26. e5 Ne8 27. e6
Qe7 28. exf7+ Bxf7 29. Qxe7 1-0

[Event "29. Torneo San Viator 2017 - Torneo B"]
[Site "Madrid ESP"]
[Date "2017.10.22"]
[Round "5.37"]
[White "Moreno Payo, Jesus"]
[Black "Cortijo Manso, Luis"]
[Result "0-1"]
[WhiteElo "1094"]
[BlackElo "1555"]
[PlyCount "120"]
[EventDate "2017.09.17"]
[EventType "swiss"]
[EventRounds "9"]
[EventCountry "ESP"]
[SourceTitle "Ajedrez en Madrid"]
[Source "lmi"]
[SourceDate "2017.09.17"]

1. e4 e6 2. d4 d5 3. e5 c5 4. c3 Nc6 5. Nf3 Qb6 6. Bd3 Bd7 7. Bc2 cxd4 8. cxd4
Nge7 9. Nc3 Nf5 10. Na4 Qc7 11. b3 Nb4 12. Bd3 Nxd3+ 13. Qxd3 a6 14. Qc3 Qxc3+
15. Nxc3 Be7 16. Bg5 Bxg5 17. Nxg5 Nxd4 18. O-O O-O 19. Na4 Bxa4 20. bxa4 Rfc8
21. Kh1 Rc2 22. Rac1 Rac8 23. Rcd1 Nc6 24. Nf3 Rxa2 25. Ra1 Rc2 26. Rac1 Nb4
27. Rxc2 Rxc2 28. Rb1 a5 29. Nd4 Rxf2 30. Rc1 g6 31. h3 Rd2 32. Nf3 Rc2 33. Ra1
Na6 34. Nd4 Rc4 35. Nb5 Nc5 36. Nd6 Rb4 37. Rc1 Nd3 38. Rf1 Nxe5 39. Rd1 d4 40.
Ne4 d3 41. Nc5 b6 42. Nxd3 Nxd3 43. Rxd3 Rxa4 44. Rb3 Rb4 45. Ra3 a4 46. Kg1 b5
47. Kf1 e5 48. g4 Kg7 49. Kf2 h6 50. h4 Rxg4 51. h5 Rb4 52. Ra1 g5 53. Kf3 Kf6
54. Kg3 Ke6 55. Rc1 Rc4 56. Rb1 b4 57. Kf2 a3 58. Ke2 a2 59. Ra1 b3 60. Kd3 Rc2
0-1

[Event "29. Torneo San Viator 2017 - Torneo B"]
[Site "Madrid ESP"]
[Date "2017.10.22"]
[Round "5.38"]
[White "Cuadrado Carmona, Javier"]
[Black "Cuerda Montagud, Tomas"]
[Result "1-0"]
[WhiteElo "1195"]
[BlackElo "1444"]
[PlyCount "127"]
[EventDate "2017.09.17"]
[EventType "swiss"]
[EventRounds "9"]
[EventCountry "ESP"]
[SourceTitle "Ajedrez en Madrid"]
[Source "lmi"]
[SourceDate "2017.09.17"]

1. e4 e6 2. d4 d5 3. e5 c5 4. c3 Qb6 5. a3 Nc6 6. Nf3 Nge7 7. b4 cxd4 8. cxd4
Nf5 9. Bb2 Be7 10. Bd3 Bd7 11. Bxf5 exf5 12. O-O O-O 13. Re1 Rae8 14. Nc3 Be6
15. Na4 Qc7 16. b5 Na5 17. Rc1 Nc4 18. Nd2 Qd7 19. Nxc4 dxc4 20. Rc2 Qxb5 21.
Nc3 Qa6 22. d5 Bd7 23. d6 Bg5 24. Nd5 Bd8 25. Rd2 Be6 26. Nc7 Bxc7 27. dxc7 Qb6
28. Bc3 a5 29. Qa4 Qxc7 30. Bxa5 Ra8 31. Bxc7 Rxa4 32. Bd6 Re8 33. Rb1 c3 34.
Rc2 Rc4 35. Rxb7 Bd5 36. Rc7 Re4 37. f3 Rc4 38. Rxc4 Bxc4 39. Rxc3 Ba6 40. a4
h6 41. f4 Re6 42. h3 f6 43. g4 fxe5 44. Rc6 Bb7 45. Rb6 Be4 46. gxf5 Bxf5 47.
fxe5 Bxh3 48. Rb7 Bf5 49. Re7 Rxe7 50. Bxe7 Bd7 51. a5 Bb5 52. Kf2 g5 53. Kg3
Kf7 54. Bf6 Kg6 55. Be7 Kf5 56. Bd6 h5 57. Be7 h4+ 58. Kh3 Bf1+ 59. Kh2 h3 60.
e6 g4 61. Bc5 Kf4 62. Bd6+ Kf3 63. e7 Bb5 64. a6 1-0

[Event "29. Torneo San Viator 2017 - Torneo B"]
[Site "Madrid ESP"]
[Date "2017.10.22"]
[Round "5.39"]
[White "Garcia Hernandez, Armando"]
[Black "Yeghiazaryan Petrosyan, Roberto"]
[Result "1/2-1/2"]
[WhiteElo "1411"]
[BlackElo "1285"]
[PlyCount "144"]
[EventDate "2017.09.17"]
[EventType "swiss"]
[EventRounds "9"]
[EventCountry "ESP"]
[SourceTitle "Ajedrez en Madrid"]
[Source "lmi"]
[SourceDate "2017.09.17"]

1. Nf3 d5 2. d4 Nf6 3. g3 g6 4. Bg2 Bg7 5. O-O O-O 6. Re1 c6 7. Nbd2 Bf5 8. Nb3
Nbd7 9. Nh4 Be6 10. Bd2 Re8 11. Qc1 a5 12. a4 Qb6 13. Nf3 Ne4 14. e3 Qc7 15.
Re2 b6 16. Be1 Rac8 17. Nfd2 Nd6 18. f3 f5 19. Bh3 Bf7 20. Nb1 e5 21. dxe5 Nxe5
22. Bg2 Nec4 23. Bc3 Bxc3 24. Nxc3 Re7 25. Nd1 Rce8 26. Kf2 c5 27. Nd2 d4 28.
Nxc4 Nxc4 29. e4 Kg7 30. b3 Nd6 31. Qf4 fxe4 32. fxe4 Bd5 33. e5 Rf7 34. exd6
Rxf4+ 35. gxf4 Rxe2+ 36. Kxe2 Qxd6 37. Bxd5 Qxd5 38. Nf2 Qe6+ 39. Kf1 Qf5 40.
Nd3 g5 41. Ke2 gxf4 42. Rg1+ Kh6 43. Rf1 Qe4+ 44. Kd1 f3 45. Kc1 Qc6 46. Rf2 b5
47. axb5 Qxb5 48. Rxf3 c4 49. bxc4 Qxc4 50. Rh3+ Kg6 51. Rg3+ Kf5 52. Rf3+ Kg5
53. Rg3+ Kh4 54. Rg4+ Kh3 55. Rg5 Kxh2 56. Rh5+ Kg3 57. Rxh7 a4 58. Rg7+ Kh4
59. Rh7+ Kg5 60. Rg7+ Kf6 61. Rf7+ Ke6 62. Rb7 Qc3 63. Rb6+ Kd5 64. Rb5+ Ke4
65. Rb1 a3 66. Rb3 Qa1+ 67. Rb1 Qc3 68. Rb3 Qa5 69. Kb1 a2+ 70. Ka1 Qd2 71. Rb2
Qc3 72. Kxa2 Qa5+ 1/2-1/2

[Event "29. Torneo San Viator 2017 - Torneo B"]
[Site "Madrid ESP"]
[Date "2017.10.22"]
[Round "5.40"]
[White "Ramirez Ocana, Eneas"]
[Black "Serrano Ruiz, Miguel"]
[Result "1-0"]
[WhiteElo "1385"]
[BlackElo "1237"]
[PlyCount "57"]
[EventDate "2017.09.17"]
[EventType "swiss"]
[EventRounds "9"]
[EventCountry "ESP"]
[SourceTitle "Ajedrez en Madrid"]
[Source "lmi"]
[SourceDate "2017.09.17"]

1. e4 c5 2. Nf3 e6 3. d4 cxd4 4. Nxd4 a6 5. Nc3 b5 6. Be3 Bb7 7. f3 Nf6 8. Qd2
Be7 9. g4 d6 10. h4 b4 11. Nce2 d5 12. e5 Nfd7 13. Bf4 Bxh4+ 14. Ng3 g5 15.
O-O-O gxf4 16. Nh5 Bg5 17. Ng7+ Kf8 18. Ngxe6+ fxe6 19. Nxe6+ Kf7 20. Nxd8+
Rxd8 21. Rxh7+ Kg8 22. Qd3 Nxe5 23. Qf5 Nbc6 24. Rxb7 Be7 25. Rxe7 Nxe7 26.
Qxe5 Ng6 27. Qg5 Rd6 28. Bc4 Rad8 29. Rxd5 1-0

[Event "29. Torneo San Viator 2017 - Torneo B"]
[Site "Madrid ESP"]
[Date "2017.10.22"]
[Round "5.41"]
[White "Garcia Prada, Guillermo"]
[Black "Estebaran Rodriguez, Guillermo"]
[Result "1-0"]
[WhiteElo "1375"]
[BlackElo "1176"]
[PlyCount "59"]
[EventDate "2017.09.17"]
[EventType "swiss"]
[EventRounds "9"]
[EventCountry "ESP"]
[SourceTitle "Ajedrez en Madrid"]
[Source "lmi"]
[SourceDate "2017.09.17"]

1. e4 e6 2. d4 d5 3. exd5 exd5 4. Bd3 Nc6 5. Nf3 Bg4 6. c3 Qe7+ 7. Be3 O-O-O 8.
O-O Nf6 9. Nbd2 Qe6 10. Qc2 Bxf3 11. Bf5 Qxf5 12. Qxf5+ Kb8 13. Qxf3 Na5 14. b3
Ba3 15. c4 Bb2 16. Rab1 Bc3 17. Rfc1 Bxd2 18. Bxd2 dxc4 19. Bxa5 Rxd4 20. Rxc4
Rd5 21. Bxc7+ Ka8 22. Ra4 Re8 23. Bb6 Ne4 24. Rxe4 Rc8 25. Bxa7 Kxa7 26. Ra4+
Kb8 27. Qxd5 Rc7 28. Re1 Rc8 29. Qd6+ Rc7 30. Re8# 1-0

[Event "29. Torneo San Viator 2017 - Torneo B"]
[Site "Madrid ESP"]
[Date "2017.10.22"]
[Round "5.43"]
[White "Pastor Diaz, David"]
[Black "Lavado Pena, David"]
[Result "1/2-1/2"]
[WhiteElo "1323"]
[BlackElo "1153"]
[PlyCount "118"]
[EventDate "2017.09.17"]
[EventType "swiss"]
[EventRounds "9"]
[EventCountry "ESP"]
[SourceTitle "Ajedrez en Madrid"]
[Source "lmi"]
[SourceDate "2017.09.17"]

1. d4 d5 2. c4 dxc4 3. Nc3 Nc6 4. e3 Nf6 5. Bxc4 Bf5 6. Qb3 e6 7. Qxb7 Nb4 8.
Bb5+ Nd7 9. Ba4 Rb8 10. Qf3 Rb6 11. e4 Bg6 12. Nge2 Be7 13. a3 Nc6 14. b4 a6
15. e5 O-O 16. Bxc6 Bh5 17. Qxh5 Rxc6 18. Qg4 Kh8 19. h4 f6 20. Qe4 Rc4 21. Qd3
Nb6 22. Qe4 fxe5 23. Qxe5 Bf6 24. Bg5 Bxe5 25. Bxd8 Bxd4 26. Bxc7 Bxc3+ 27.
Nxc3 Rxc7 28. Ne2 h6 29. O-O Rc4 30. g3 Nd7 31. Rac1 Rfc8 32. Rxc4 Rxc4 33. Rc1
Re4 34. Kf1 Ne5 35. Nf4 g5 36. Rc8+ Kh7 37. Rc7+ Kg8 38. Rc8+ Kh7 39. hxg5 hxg5
40. Nxe6 Nf3 41. Kg2 Ne1+ 42. Kf1 Rxe6 43. Rc7+ Kg6 44. Rc3 Re5 45. Rc6+ Kf5
46. Rxa6 Nc2 47. Ra5 Ke6 48. Rxe5+ Kxe5 49. f4+ gxf4 50. gxf4+ Kxf4 51. b5 Nd4
52. b6 Nc6 53. Ke2 Ke5 54. Kd3 Kd5 55. Kc3 Kc5 56. a4 Kxb6 57. Kc4 Ka5 58. Kb3
Nd4+ 59. Ka3 Nb5+ 1/2-1/2